| 000 | 00725cam a2200253 4500 | ||
|---|---|---|---|
| 001 | J3638 | ||
| 008 | 090401t1995 xxu||||| |||| 00| 0 eng d | ||
| 035 | _a(Sirsi) u56188 | ||
| 041 | _aeng | ||
| 050 | _a333.00207 | ||
| 110 |
_aRoyal Institution of Chartered Surveyors _bBenevolent Fund _93408 |
||
| 245 | 2 | _aA measure of mirth : after dinner stories from the RICS. | |
| 260 |
_aLondon _bRICS Benevolent Fund _c1995 |
||
| 300 | _axi,120p. : ill. ; 18cm. | ||
| 350 | _a6.95 | ||
| 650 | _aAFTER DINNER SPEECHES | ||
| 650 | _aABOUT RICS-RICS MEMBERS | ||
| 650 | _aHUMOUR | ||
| 650 | _aMEASURE OF MIRTH | ||
| 690 | _aPROPERTY LAW AND PRACTICE | ||
| 700 |
_aDigby, Mike _xEditor |
||
| 942 | _n0 | ||
| 948 | _c04/03/1997 | ||
| 999 |
_c93738 _d93738 |
||